| 000 | 01009 a2200229 4500 | ||
|---|---|---|---|
| 001 | 121966 | ||
| 020 | _a9781442422742 | ||
| 040 | _cEscola Canadense de Niteroi | ||
| 090 | _aT2 - ALE | ||
| 100 | _aAlexander, Fern | ||
| 245 | 1 | 0 | _aThe Smurfs: a smurfin' big adventure! |
| 260 | _aNew York | ||
| 300 |
_a24 p. _c8 x 0.2 x 8 inches |
||
| 362 | 0 | _a2011 | |
| 490 | 0 | _aThe smurfs | |
| 520 | _aIt’s the smurfiest night of the year—the Blue Moon Festival—and everyone in Smurf Village is excited! But just as the blue moon begins to rise, the evil wizard Gargamel appears and chases Papa Smurf, Clumsy, Brainy, Gutsy, Grouchy, and Smurfette through a magical portal and into a world they’ve never seen before. Can the Smurfs navigate this strange world and smurf a blue moon to bring them back to their village before Gargamel catches them? | ||
| 650 | 4 | _aGood and evil | |
| 650 | 4 | _aBooks That Have Movies | |
| 650 | 4 | _aChildren's Literature | |
| 650 | 4 | _aAction or Adventure | |
| 942 | _cBK | ||
| 999 |
_c121966 _d121966 |
||